U.S. Presidential Candidates 2024 - Statistics

General Stats
  • This quiz has been taken 41 times
    14 since last reset
  • The average score is 5 of 9
Answer Stats
Hint Answer % Correct
Republican Donald J. Trump
100%
Green Jill Stein
100%
Democrat Kamala Harris
100%
Liberterian Chase Oliver
89%
Independent Cornel West
67%
Party for Socialism and Liberation Claudia De la Cruz
33%
Prohibition Party Michael Wood
22%
American Solidarity Party Peter Sonski
22%
Constitution Party Randall Terry
11%
No matching quizzes found
Score Distribution
Percent of People with Each Score
Percentile by Number Answered
Your Score History
You have not taken this quiz since the last reset